| 000 | 00601nam a2200217 a 4500 | ||
|---|---|---|---|
| 001 | 60193 | ||
| 003 | BD-RjUL | ||
| 005 | 20211209080819.0 | ||
| 008 | 161229s1957 enk||||| |||| 00| 0 eng d | ||
| 035 | _a(BD-RjUL)60317 | ||
| 040 |
_aBD-RjUL _beng _cBD-RjUL |
||
| 041 | _aeng | ||
| 082 |
_223 _a025.32 _bENG 1957 |
||
| 245 | 0 | 0 | _aThe English catalogue of books for 1956 / |
| 260 |
_aSurrey : _bThe publishers circular limited, _c1957 |
||
| 300 |
_a340 p. ; _c28 cm. |
||
| 490 | _a120th year of issue | ||
| 650 |
_aCataloguing _9179208 |
||
| 856 | _3120th year of issue | ||
| 942 |
_2ddc _cBK |
||
| 999 |
_c60193 _d60193 |
||